[Event "POL-ch 52nd"]
[Site "Warsaw"]
[Date "1995.??.??"]
[Round "12"]
[White "Macieja, Bartlomiej"]
[Black "Wojtkiewicz, Aleksander"]
[Result "0-1"]
[WhiteElo "2440"]
[BlackElo "2530"]
[Annotator "Bulletin"]
[PlyCount "80"]
[EventDate "1995.02.11"]
[EventType "tourn"]
[EventRounds "17"]
[EventCountry "POL"]
[EventCategory "8"]
[SourceTitle "EXT 1999"]
[Source "ChessBase"]
[SourceDate "1998.11.16"]
[SourceVersion "1"]
[SourceVersionDate "1998.11.16"]
[SourceQuality "1"]

1. e4 c5 2. Nf3 d6 3. d4 cxd4 4. Nxd4 Nf6 5. Nc3 a6 6. Bc4 e6 7. O-O Be7 8. Bb3
b5 9. Qf3 Qc7 10. Qg3 O-O 11. Bh6 Ne8 12. Rad1 Bd7 13. f4 Nc6 $6 14. f5 Nxd4
15. Rxd4 Bf6 16. Rd3 Kh8 17. fxe6 fxe6 18. Be3 b4 19. Ne2 e5 20. Rd2 Bc6 21.
Qg4 Be7 22. Rxf8+ Bxf8 23. Qe6 $2 (23. Ng3 Nf6 24. Qh4 Be7 25. Nf5) 23... Nf6
24. Bg5 Re8 25. Qc4 Qa7+ 26. Nd4 (26. Kh1 Bb5 27. Qf7 Qxf7 28. Bxf7 Nxe4 29.
Bxe8 Bxe8 $1 $19) 26... Bb5 27. Qf7 Be7 28. Be3 exd4 29. Bxd4 Qc7 30. Rf2 Qd8
31. a4 bxa3 32. bxa3 Rf8 33. Qe6 Bd7 34. Qc4 a5 35. h3 Qc8 36. Qd3 a4 37. Ba2
Be6 38. c4 Nd7 39. Qg3 Ne5 40. Rxf8+ Bxf8 0-1

[Event "POL-ch 52nd"]
[Site "Warsaw"]
[Date "1995.??.??"]
[Round "1"]
[White "Macieja, Bartlomiej"]
[Black "Kempinski, Robert"]
[Result "0-1"]
[WhiteElo "2440"]
[BlackElo "2435"]
[Annotator "Bulletin"]
[PlyCount "122"]
[EventDate "1995.02.11"]
[EventType "tourn"]
[EventRounds "17"]
[EventCountry "POL"]
[EventCategory "8"]
[SourceTitle "EXT 1999"]
[Source "ChessBase"]
[SourceDate "1998.11.16"]
[SourceVersion "1"]
[SourceVersionDate "1998.11.16"]
[SourceQuality "1"]

1. e4 c5 2. Nf3 d6 3. d4 cxd4 4. Nxd4 Nf6 5. Nc3 a6 6. Bc4 e6 7. Bb3 b5 8. O-O
Be7 9. Qf3 Qc7 10. Qg3 O-O 11. Bh6 Ne8 12. Rad1 Bf6 13. Nce2 Nc6 14. c3 Kh8 15.
Bg5 Bb7 16. Rfe1 Bxg5 17. Qxg5 Nf6 18. Qh4 Ne5 19. Ng3 Qc5 20. Qg5 Nc4 21. Qc1
Rad8 22. h3 d5 23. e5 Ne4 24. Bxc4 Qxc4 25. a3 Qc7 26. Nf1 Rde8 27. f3 Nc5 28.
Nh2 Qb6 29. Ng4 a5 30. Qe3 Na4 31. b3 Nc5 32. h4 b4 33. cxb4 axb4 34. a4 Ba6
35. h5 f5 36. Nf2 $2 (36. exf6 gxf6 37. Kh1 e5 38. Nf5 d4 $2 39. Rxd4 exd4 40.
Qxe8) 36... Rc8 37. Rc1 f4 $1 38. Qd2 Nd3 39. Nxd3 Qxd4+ 40. Kh2 Qxd3 41. Qxb4
Qf5 42. Qd6 Bd3 43. b4 Qxh5+ 44. Kg1 Qf7 45. b5 Bc4 46. b6 Rfd8 47. Qb4 Qf8 48.
Rb1 Rb8 49. b7 Qf7 50. Rb2 h6 51. Reb1 Qc7 52. Qb6 Qxe5 53. a5 Qe3+ 54. Kh2 d4
55. a6 Rd5 56. Rb5 Bxb5 57. Rxb5 Rxb5 58. Qxb5 d3 59. Qd7 Rg8 60. Qxd3 Qxd3 61.
a7 Qd8 0-1

[Event "URS-ch46 First League"]
[Site "Ashkhabad"]
[Date "1978.??.??"]
[Round "16"]
[White "Mikhalchishin, Adrian"]
[Black "Tseshkovsky, Vitaly"]
[Result "1/2-1/2"]
[WhiteElo "2460"]
[BlackElo "2570"]
[Annotator "Bulletin"]
[PlyCount "46"]
[EventDate "1978.10.??"]
[EventType "tourn"]
[EventRounds "17"]
[EventCountry "URS"]
[EventCategory "10"]
[SourceTitle "MCL"]
[Source "ChessBase"]
[SourceDate "1999.07.01"]
[SourceVersion "1"]
[SourceVersionDate "1999.07.01"]
[SourceQuality "1"]

1. Nf3 c5 2. e4 d6 3. d4 cxd4 4. Nxd4 Nf6 5. Nc3 a6 6. Bc4 e6 7. Bb3 b5 8. O-O
(8. f4) (8. Qe2) 8... Bb7 (8... Be7) 9. Re1 Nbd7 10. Bg5 h6 (10... Nc5 11. Bd5
$1 b4 12. Bxb7 Nxb7 13. Nd5 $1 exd5 14. exd5+ Kd7 15. c3 $1 $18 {Tal,M-Mukhin/
URS/1972/}) 11. Bh4 (11. Bxf6 Qxf6 (11... Nxf6 12. Qf3 Be7 $2 13. Bxe6) 12. a4
$1 b4 13. Na2 $14) 11... g5 (11... Nc5 12. Bd5 $1 {Fischer,R-Rubinetti/Palma
de Mallorca izt/1970/}) 12. Bg3 Ne5 $13 13. a4 b4 14. Na2 h5 $5 (14... a5 15.
c3) 15. f3 h4 16. Bf2 g4 17. Nxb4 g3 18. Be3 gxh2+ 19. Kxh2 Bh6 20. Bxh6 Rxh6
21. Nd3 (21. a5) 21... Qa5 22. Nf2 O-O-O 23. Re3 Ng6 1/2-1/2

[Event "Tashkent FIDE GP"]
[Site "Tashkent"]
[Date "2014.10.31"]
[Round "9"]
[White "Kasimdzhanov, Rustam"]
[Black "Gelfand, Boris"]
[Result "1/2-1/2"]
[WhiteElo "2706"]
[BlackElo "2748"]
[Annotator "CB"]
[PlyCount "110"]
[EventDate "2014.10.21"]
[EventType "tourn"]
[EventRounds "11"]
[EventCountry "UZB"]
[EventCategory "21"]
[SourceTitle "CBM 163"]
[Source "ChessBase"]
[SourceDate "2014.11.11"]
[SourceVersion "1"]
[SourceVersionDate "2014.11.11"]
[SourceQuality "1"]

1. e4 c5 2. Nf3 d6 3. d4 cxd4 4. Nxd4 Nf6 5. Nc3 a6 6. Bc4 e6 7. O-O Be7 8. Bb3
b5 9. Qf3 Qc7 10. Qg3 O-O 11. Bh6 Ne8 12. Rad1 Bd7 13. f4 Nc6 14. Nxc6 Bxc6 15.
f5 Kh8 16. f6 gxh6 17. fxe7 Qxe7 18. Qf2 Ng7 19. Qb6 (19. Qd4 {was Ivanchuk's
choice against Gelfand in 2008. Surely by now the Israeli had an improvement
in this position, but Kasimdzhanov deviates first.}) 19... Rfc8 20. Rf2 (20. a3
{Michiels-Bu, 2008}) 20... a5 21. a4 bxa4 22. Bxa4 Rab8 $1 {An important pawn
sacrifice. Black needs as much activity as he can get.} 23. Qxa5 Bxa4 24. Nxa4
Qb7 {Black has counterplay all over the board. It is hard for Kasimdzhanov to
defend all his pawns and create any kind of progress.} 25. Re2 Rc6 26. b3 f5
27. e5 d5 {With equal pawns Black has the disadvantage of the h6 and h7
structure, which will be weak the entire game, but White has to contend with a
weak pawn on e5 which can be attacked in the later game as well as pressure
against his queenside pawns.} 28. Rf1 h5 29. Rff2 h4 30. Qd2 Qe7 31. Qh6 Kg8
32. h3 Rb4 33. Nb2 Re4 34. Nd3 Qc7 35. Qg5 Rxe2 36. Rxe2 Rxc2 37. Rxc2 Qxc2 38.
Ne1 Qxb3 39. Qd8+ Kf7 40. Nf3 $6 {A rather strange choice; why not repeat
moves first at least?} (40. Qf6+ $11) 40... Qe3+ 41. Kf1 h6 42. Qxh4 Kg6 43.
Qf6+ Kh7 44. Qd8 Qa7 45. Qh4 {Black is the only one pushing for a win, but
that seems almost impossible to achieve. The knight must stay and defend the
king and the queen cannot do everything by herself.} Qd7 46. Kg1 Qe8 47. Kh2
Nh5 48. Qb4 Qg6 49. Qe7+ Qg7 50. Qh4 Qf7 51. Nd4 Qg6 52. Qe7+ Ng7 53. g3 Qg5
54. Qxg5 hxg5 55. g4 fxg4 1/2-1/2

[Event "USA-ch U20"]
[Site "Saint Louis"]
[Date "2011.06.24"]
[Round "8"]
[White "Young, Gregory G"]
[Black "Harper, Warren"]
[Result "1-0"]
[WhiteElo "2327"]
[BlackElo "2310"]
[Annotator "CB"]
[PlyCount "71"]
[EventDate "2011.06.16"]
[EventType "tourn"]
[EventRounds "9"]
[EventCountry "USA"]
[EventCategory "3"]
[SourceTitle "CBM 143 Extra"]
[Source "ChessBase"]
[SourceDate "2011.08.29"]
[SourceVersion "1"]
[SourceVersionDate "2011.08.29"]
[SourceQuality "1"]

1. e4 c5 2. Nf3 d6 3. d4 cxd4 4. Nxd4 Nf6 5. Nc3 a6 6. Bc4 e6 7. Bb3 b5 8. O-O
Be7 9. Qf3 Qc7 10. Qg3 O-O 11. Bh6 Ne8 12. Rad1 Bd7 13. f4 Nc6 14. Nxc6 Bxc6
15. f5 Kh8 {[#]} 16. fxe6 {16.f6 has been the norm here. Now everything
depends on how successful he is with the piece sac.} (16. f6 gxh6 17. fxe7 Qxe7
18. Qf2 Ng7 19. Qd4 Rac8 20. a3 Qg5 21. Qxd6 Nf5 22. Qe5+ f6 23. Qxe6 Ne3 24.
Qh3 f5 25. Be6 Rce8 26. Bxf5 Rg8 27. Kh1 Nxf1 28. Rxf1 Qd2 29. g3 Rg7 30. Qg2
Rd8 31. Rf2 Qe1+ 32. Rf1 Qe3 33. Nd5 Qd4 34. c3 Qe5 35. Ne3 Re7 36. Rf4 Rde8
37. h4 Qd6 38. Kh2 Qd3 39. Ng4 Bxe4 40. Bxe4 Rxe4 41. Nf2 {1-0 (41) Rublevsky,
S (2688)-Bu Xiangzhi (2676)/Ningbo 2010/CBM 137 Extra}) 16... gxh6 17. Rxf7
Rxf7 18. exf7 Ng7 19. Rf1 Qa7+ (19... Rf8 20. Qd3 Bg5 21. Nd5 Bxd5 22. Bxd5 Qe7
23. Qg3 Qe5 24. Qxe5 dxe5 25. g3 Nh5 26. Rf5 Nf6 27. Be6 Nxe4 28. Rxe5 Nd6 29.
h4 Bc1 30. b3 Nxf7 {0-1 (30) Kelleher,W (2445)-De Firmian,N (2563)/USA 1994/
EXT 2004}) 20. Kh1 Rf8 21. Nd5 Bxd5 22. Bxd5 Qd4 23. c3 Qd2 {[#]The plans are
pretty straightforward: Black wants to exchange as many pieces as possible, to
neutralize any threats White might have planned. The idea is 24...Qg5.} 24. Qg4
h5 25. Qd7 Qg5 26. g3 h4 27. Rg1 Qe5 28. gxh4 Bxh4 29. Qg4 Bf6 30. Rg3 {[#]} h5
$4 31. Qg6 Qf4 {[#]} 32. e5 $1 Bxe5 33. Be4 Qxe4+ 34. Qxe4 Rxf7 35. Rf3 Re7 36.
Rf8# 1-0

[Event "Gibraltar Masters 12th"]
[Site "Caleta"]
[Date "2014.01.30"]
[Round "3"]
[White "Wei, Yi"]
[Black "Henrichs, Thomas"]
[Result "0-1"]
[WhiteElo "2607"]
[BlackElo "2477"]
[Annotator "CB"]
[PlyCount "73"]
[EventDate "2014.01.28"]
[EventType "swiss"]
[EventRounds "10"]
[EventCountry "GGB"]
[SourceTitle "CBM 159"]
[Source "ChessBase"]
[SourceDate "2014.03.17"]
[SourceVersion "1"]
[SourceVersionDate "2014.03.17"]
[SourceQuality "1"]

1. e4 c5 2. Nf3 d6 3. d4 cxd4 4. Nxd4 Nf6 5. Nc3 a6 6. Bc4 e6 7. O-O b5 8. Bb3
Be7 9. Qf3 Qb6 (9... Qc7 {war auch Thema im WM-Kampf 1993:} 10. Qg3 Nc6 11.
Nxc6 Qxc6 12. Re1 Bb7 13. a3 Rd8 14. f3 O-O 15. Bh6 Ne8 16. Kh1 Kh8 17. Bg5
Bxg5 18. Qxg5 Nf6 19. Rad1 Rd7 20. Rd3 Rfd8 21. Red1 Qc5 22. Qe3 Kg8 23. Kg1
Kf8 24. Qf2 Ba8 25. Ne2 g6 26. Nd4 Qe5 27. Re1 g5 28. c3 Kg7 29. Bc2 Rg8 30.
Nb3 Kf8 31. Rd4 Ke7 32. a4 h5 33. axb5 axb5 34. Rb4 h4 35. Nd4 g4 36. Rxb5 d5
37. Qxh4 Qh5 38. Nf5+ {1-0 (38) Short,N (2655)-Kasparov,G (2805) London 1993})
10. Be3 Qb7 11. Qg3 O-O ({Noch eine Partie aus besagtem WM-Kampf:} 11... b4 12.
Na4 Nbd7 13. f3 O-O 14. Rad1 Kh8 15. Rfe1 Rb8 16. Kh1 Ne5 17. Ne2 Qc7 18. c3
Bd7 19. Nf4 Bxa4 20. Bxa4 bxc3 21. bxc3 Qxc3 22. Bd4 Qa5 23. Bb3 Qb5 24. Ne2
Rfc8 25. Nc3 Qa5 26. f4 Nh5 27. Qe3 Nc6 28. Ne2 Nxd4 29. Nxd4 Qc3 30. Rd3 Qc5
31. Qf3 Nf6 32. f5 e5 33. Ne2 Qb4 34. Nc3 d5 35. Bxd5 Nxd5 36. exd5 e4 37. Qxe4
Rxc3 38. Rd4 Qd6 39. f6 Bxf6 {0-1 (39) Short,N (2665)-Kasparov,G (2815) London
1993}) 12. f3 ({Üblicher ist} 12. Bh6 Ne8 13. Rfe1 Kh8 14. Bg5 {z.B.:} Nf6 15.
Rad1 Nbd7 16. Re3 Qb6 17. f4 Nh5 18. Qh4 Bxg5 19. fxg5 g6 20. Kh1 Bb7 21. Rh3
Nc5 22. g4 b4 23. Nd5 exd5 24. gxh5 Qc7 25. Bxd5 Rae8 26. Re1 Qe7 27. Bxb7 Qxb7
28. Rhe3 Rxe4 29. Rxe4 Re8 30. Kg1 Nxe4 31. Qf4 Kg8 32. c3 bxc3 33. bxc3 Re5
34. Nf3 Nxg5 {0-1 (34) Iruzubieta Villaluenga,J (2280)-Topalov,V (2700)
Elgoibar 1992}) 12... Kh8 (12... Nbd7 13. Bd5 $6 ({Gut ist} 13. Nd5) 13... Nxd5
14. exd5 Ne5 15. Rad1 b4 16. Na4 Nc4 17. Bh6 Bf6 18. b3 Nb6 19. dxe6 fxe6 20.
Nxb6 Qxb6 21. Be3 Qc7 22. Rd2 e5 23. Ne2 Be6 $15 {1/2-1/2 (49) Navara,D (2646)
-Svidler,P (2738) Sochi 2008}) ({Relevant:} 12... Bd7 13. Rfd1 Nc6 14. Nxc6
Bxc6 15. Ne2 Rfc8 16. Rd2 b4 17. c4 a5 18. Bc2 a4 19. Bd3 Nd7 20. Nd4 Ne5 21.
Bf1 Be8 22. Rc1 b3 23. axb3 axb3 24. Qe1 Bd8 25. Qd1 Ba5 26. Rf2 Rab8 27. Nb5
Nxc4 28. Rxc4 Bxb5 29. Rxc8+ Qxc8 30. Qxd6 Be1 31. Bxb5 Bxf2+ 32. Kxf2 Rxb5 33.
Bd4 h6 34. h4 Kh7 35. Kg1 Rb7 36. Qg3 f6 37. Qg4 Qd7 38. Bc3 e5 39. Qg3 Qd1+
40. Kh2 Qc1 41. Qh3 Qf4+ 42. Kg1 {Ivanchuk,V (2775)-Le Quang,L (2714) Beijing
2011 0-1}) 13. Rad1 Nbd7 14. a3 Nc5 $146 {Der erste neue Zug.} (14... Nb6 15.
Bg5 Nc4 16. Bxc4 bxc4 17. Bxf6 gxf6 18. b4 cxb3 19. cxb3 Rg8 20. Qh4 Qa7 21.
Kh1 Qc5 22. Na4 Qa7 23. Nc6 Qb7 24. Rc1 Re8 25. Nb6 Qxb6 26. Nxe7 Kg7 27. f4 {
1-0 (29) Bacurin,E-Isaev,Y Ukraine 1990}) ({Vorgänger (2):} 14... Nb6 15. Bc1
Bd7 16. e5 dxe5 17. Qxe5 Ne8 18. f4 Bf6 19. Qe2 Rc8 20. Ne4 Be7 21. Nf3 Bc6 22.
Ng3 Nc4 23. c3 Nf6 24. Ne5 Bd5 25. Nxc4 bxc4 26. Ba2 Bc5+ 27. Kh1 Rce8 28. Bxc4
Bxc4 29. Qxc4 Qb5 30. Qxb5 axb5 31. Ne2 Rd8 32. Ng3 g6 33. h3 h5 34. Kh2 Kg7 {
1/2-1/2 (34) Zheleznikov,G-Gaidamak,A RCCA corr 2002}) 15. Ba2 Qc7 16. Kh1 Rb8
17. b4 Ncd7 18. Nde2 Bb7 19. Bd4 Rbc8 20. Bb3 Qb8 21. Qh3 Ne5 22. g4 Kg8 23. g5
Nfd7 24. f4 Nc4 25. Rf3 (25. f5) 25... Rfe8 26. Bxg7 $1 {Ein "intuitives"
Opfer. Weiß erhält langanhaltenden und wohl auch Gewinn bringenden Angriff.}
(26. Qh5 Qa8 27. Ng3 d5 $11) 26... Kxg7 27. Qh6+ (27. f5 Bxg5 28. Rg1 h6 29.
Qh5 Nce5 30. Rxg5+ hxg5 31. fxe6 Rxc3 32. Qxg5+ $13) 27... Kh8 28. Rh3 $18 Nf8
29. Nd5 $2 {Danach ergeben sich für Schwarz Verteidigungsmöglichkeite. Auch
mit Houdini ist diese Position mit allen ihren Möglichkeiten nur schwer zu
durchdringen.} (29. f5 exf5 30. Ng3 $18 {Die Drohung Sxf5 und Dg7 # kostet
Material.}) 29... exd5 $2 {Verpasst die Chance.} ({Richtig war} 29... Bxd5 30.
exd5 Qa7 31. f5 exf5 32. Nd4 Qd7 33. Rf1 f4 34. Rxf4 Bxg5 35. Qxg5 Qxh3 36.
Qf6+ Kg8 37. Qxf7+ Kh8 38. Qf6+ $11) 30. f5 $2 {Auch Weiß trifft wieder nicht
das Beste. Es droht entscheidend f6, aber Schwarz hat nun Gegenspiel.} (30. Nd4
{gefolgt von} Z0 31. Nf5 $18 {gewinnt.}) 30... d4 $1 $11 {Räumt die lange
Diagonale für Läufer und Springer.} 31. Ng3 Bxe4+ 32. Nxe4 $2 {Danach gerät
Weiß auf die Verliererstraße.} ({Nötig war} 32. Kg1 {und nun:} d3 33. Nxe4
Qa7+ 34. Kh1 Ne3 35. g6 fxg6 36. fxg6 {Und jetzt hat Schwarz nur einen Zug:}
Bh4 $3 37. Rxh4 (37. Qxh4 Rxe4 38. Qxe4 Nxd1 $19) 37... Nf5 38. Qg5 {Weiß
kann noch Dauerschach geben.} Nxh4 39. Nxd6 dxc2 40. Qf6+ Qg7 41. Nf7+ Kg8 42.
Nd6+ Kh8 43. Nf7+ $11) 32... Qb7 33. Rh4 Bxg5 34. Qxg5 Rxe4 35. Qf6+ Kg8 36.
Qg5+ (36. Rg1+ Rg4+ 37. Rg2 Qxg2#) 36... Ng6 37. Qg2 (37. Qg2 {aus Gibrlatar
ist nun} Re5 {überliefert, danach würde Schwarz die Dame verlieren.} ({
Sinn macht:} 37... Re1+ 38. Rxe1 Qxg2+ 39. Kxg2 Nxh4+)) 0-1

[Event "Altensteig"]
[Site "Altensteig"]
[Date "1989.??.??"]
[Round "?"]
[White "Kindermann, Stefan"]
[Black "Stangl, Markus"]
[Result "1-0"]
[WhiteElo "2530"]
[BlackElo "2375"]
[Annotator "ChessBase"]
[PlyCount "45"]
[EventDate "1989.07.??"]
[EventType "tourn"]
[EventRounds "11"]
[EventCountry "GER"]
[EventCategory "10"]
[SourceTitle "CBM 014"]
[Source "ChessBase"]
[SourceDate "1990.02.01"]
[SourceVersion "1"]
[SourceVersionDate "1990.02.01"]
[SourceQuality "1"]

1. e4 c5 2. Nf3 d6 3. d4 cxd4 4. Nxd4 Nf6 5. Nc3 a6 6. Bc4 e6 7. Bb3 b5 8. O-O
Bb7 9. Re1 Nbd7 10. Bg5 h6 11. Bxf6 Nxf6 12. Qf3 Qb6 13. Rad1 O-O-O 14. a4 b4
15. Na2 Kb8 16. c3 Nxe4 (16... bxc3 17. bxc3 e5 18. Rb1 exd4 19. Bd5 Nxd5 20.
Rxb6 Nxb6 21. Rb1 $40) 17. a5 $1 Qxa5 18. Nxb4 Rc8 19. Rxe4 f5 20. Ndc6+ $1
Rxc6 21. Rxe6 Rc8 22. Bd5 Bxd5 23. Nxd5 1-0

[Event "Rubinstein Memorial 32nd"]
[Site "Polanica Zdroj"]
[Date "1995.??.??"]
[Round "11"]
[White "De Firmian, Nick E"]
[Black "Ehlvest, Jaan"]
[Result "1/2-1/2"]
[WhiteElo "2605"]
[BlackElo "2630"]
[Annotator "Dolmatov,S"]
[PlyCount "131"]
[EventDate "1995.08.??"]
[EventType "tourn"]
[EventRounds "11"]
[EventCountry "POL"]
[EventCategory "14"]
[SourceTitle "CBM 049"]
[Source "ChessBase"]
[SourceDate "1995.12.01"]
[SourceVersion "1"]
[SourceVersionDate "1995.12.01"]
[SourceQuality "1"]

1. e4 c5 2. Nf3 d6 3. d4 cxd4 4. Nxd4 Nf6 5. Nc3 a6 6. Bc4 e6 7. O-O b5 8. Bb3
Bb7 (8... Be7) 9. Re1 Nbd7 10. Bg5 h6 (10... Qb6 11. a4 b4 12. Nd5 exd5 13.
exd5+ Ne5 14. a5 Qc5 15. Be3 $16 {Adams,M-Sadler,M/Dublin/1:0/27/ Inf 57/246/})
11. Bxf6 Nxf6 (11... Qxf6) 12. Qd3 $5 (12. Qf3 Qb6 13. Rad1 O-O-O 14. a4 b4 15.
Na2 Kb8 16. c3 Nxe4 17. a5 $40 {Kindermann,S-Stangl,M/Altensteng/1989/1:0/23/})
12... Nd7 (12... Qb6 $6 13. a4 b4 14. a5 $40) 13. Qh3 Nc5 (13... Qb6 $6 14.
Bxe6 $5 (14. Rad1 $40) 14... fxe6 15. Nxe6 Kf7 (15... Nf6 16. Nd5 Bxd5 17. exd5
Kf7) 16. Nf4 $40) 14. Bd5 Qc7 $8 (14... exd5 $2 15. exd5+ Be7 16. Nf5 Bc8 $8
17. Nxe7 (17. Nxg7+ $2 Kf8 18. Nf5 Bf6) 17... Bxh3 18. Nc6+ Kf8 (18... Be6 19.
Nxd8 Kxd8 20. dxe6 fxe6 21. b4 $16) 19. Nxd8 Bxg2 20. Nxf7 $14) 15. Bxb7 Qxb7
16. b4 Na4 (16... Nd7 $5 17. a4 bxa4 18. Rxa4 (18. Nxa4 Be7 19. c4 O-O) 18...
Be7 19. Rea1 O-O) 17. Nxa4 (17. Nd5 $6 exd5 18. exd5+ Kd8 19. Nc6+ Kc7 20. Qf5
$13) 17... bxa4 18. Qa3 Qd7 19. Qg3 $6 (19. Rad1 $5 Be7 20. e5 $5 (20. c4 O-O
21. e5 dxe5 22. Nf5 (22. Nf3 Qb7 23. c5 a5 $132) 22... Qe8 23. Nxe7+ Qxe7 24.
Qxa4 a5 $1 $14) 20... O-O $1 (20... d5 21. c4 a5 22. cxd5 $1 axb4 23. dxe6 Qxd4
(23... bxa3 24. exd7+ $16) 24. Qf3 $18) (20... dxe5 21. Nf5 Qb5 22. Qf3 $1 $16
(22. Nxe7 $2 Kxe7 23. c4 Qxc4 24. b5+ Kf6 25. b6 $13)) 21. exd6 Bxd6 22. c4 $14
) 19... g6 20. Rad1 Bg7 21. Nf5 exf5 22. exf5+ Kf8 23. Qf3 (23. Rxd6 $6 Re8 $1
24. Rxe8+ Qxe8) 23... Re8 24. f6 Kg8 (24... Rxe1+ $2 25. Rxe1 Kg8 26. Re7 $16)
25. Rxe8+ Qxe8 26. fxg7 Kxg7 27. h4 (27. h3 $5 Qe6 28. Qc6 Rc8 29. Qxa4 Qe2
$132) 27... Qe6 28. h5 (28. Qc3+ $5 Qe5 (28... Kh7 29. h5 Rc8 30. hxg6+ fxg6
31. Qd3 $40) 29. Qxe5+ dxe5 30. Rd6 Rc8 (30... a5 $6 31. b5 $1 $16) 31. Rxa6
Rxc2 32. Rxa4 Rb2 33. a3 f5 34. Ra5 $16) 28... Rc8 (28... g5 29. Qc3+ $40) 29.
hxg6 Rxc2 (29... fxg6 $2 30. Qb7+ Kg8 31. Qxa6 $40) 30. gxf7 (30. Rxd6 $2 Rc1+
31. Rd1 $10) 30... Qxf7 31. Qg4+ (31. Qe3 Rxa2 32. Rd4 Ra1+ 33. Kh2 Qh5+ 34.
Kg3 Qe5+ $10) 31... Qg6 32. Qd4+ Qf6 33. Qa7+ Qf7 34. Qd4+ Qf6 35. Qxf6+ (35.
Qg4+ Qg6) 35... Kxf6 36. Rxd6+ Kg7 37. a3 Rc3 38. Rxa6 Rxa3 $10 39. g3 (39. g4
Ra1+ (39... Rf3 $2 40. Rxa4 Rf4 41. Kg2 Rxg4+ 42. Kf3 Rc4 43. Ra7+ Kf6 44. Rb7
$40) 40. Kg2 a3 41. Kg3 $10) 39... Ra2 40. b5 (40. Kg2 a3 41. Kf3 Rb2 $10)
40... Rb2 41. b6 a3 42. Kg2 a2 43. b7 Rxb7 44. Rxa2 Rb5 45. Kh3 Rh5+ 46. Kg4
Rg5+ 47. Kh4 Rb5 48. Ra7+ Kg6 49. Ra6+ Kg7 50. f4 Rc5 51. Kg4 Rb5 52. Re6 Ra5
53. f5 Ra1 54. Rg6+ Kh7 55. Rc6 Kg7 56. Kf4 Rf1+ 57. Ke5 Re1+ 58. Kd5 h5 59.
Re6 Rg1 60. Rg6+ Kf7 61. Ke5 h4 62. g4 h3 63. Rh6 Rxg4 64. Rh7+ Kg8 65. Rxh3
Ra4 66. Rh6 1/2-1/2

[Event "Hafnarfirdi"]
[Site "Hafnarfirdi"]
[Date "1992.??.??"]
[Round "2"]
[White "Thorhallsson, Throstur"]
[Black "Arnason, Jon Loftur"]
[Result "1-0"]
[WhiteElo "2425"]
[BlackElo "2515"]
[Annotator "Ernst,T"]
[PlyCount "103"]
[EventDate "1992.03.??"]
[EventType "tourn"]
[EventRounds "11"]
[EventCountry "ISL"]
[EventCategory "7"]
[SourceTitle "CBM 029"]
[Source "ChessBase"]
[SourceDate "1992.08.01"]
[SourceVersion "1"]
[SourceVersionDate "1992.08.01"]
[SourceQuality "1"]

1. e4 c5 2. Nf3 d6 3. d4 cxd4 4. Nxd4 Nf6 5. Nc3 a6 6. Bc4 e6 7. Bb3 b5 8. O-O
Be7 9. Qf3 Qc7 10. Qg3 O-O 11. Bh6 Ne8 12. Rfe1 (12. a3 Kh8 13. Be3 Nf6 14.
Rad1 Nc6 15. Rfe1 Na5 16. Ba2 Nc4 $10 {Soltis - Grefe, USA 1974.}) 12... Kh8
13. Bg5 Bxg5 14. Qxg5 h6 15. Qh4 Nc6 16. Nxc6 Qxc6 17. a4 b4 18. Nd5 $1 $14 Qc5
19. Nf4 Nf6 20. Qg3 Bb7 21. Nd3 Qd4 22. e5 Ne4 23. Qf4 g5 24. Qf3 dxe5 25. Rad1
Rad8 26. h4 g4 27. Qe3 Qxe3 28. fxe3 a5 29. Nxe5 Nd2 30. Bc4 Nxc4 $6 31. Rxd8
Rxd8 32. Nxf7+ $18 {Gewinnt die Qualität und die Partie.} Kg8 33. Nxd8 Be4 34.
Nxe6 Bxc2 35. Rc1 b3 36. Nd4 Nxb2 37. Nxb3 $1 Bxb3 38. Rb1 Bxa4 39. Rxb2 Be8
40. Rb7 a4 41. Kf2 Bf7 42. Ra7 Bb3 43. Kg3 Bd1 44. Kf4 Kf8 45. Rh7 Be2 46. Rxh6
Ke7 47. Rb6 Bc4 48. Rb4 Bb3 49. h5 Kf6 50. Rb6+ Kf7 51. Rb7+ Kg8 52. Ra7 1-0

[Event "Hamburg-ch int"]
[Site "Hamburg"]
[Date "1999.05.28"]
[Round "7.5"]
[White "Mueller, Karsten"]
[Black "Trisic, Aleksandar"]
[Result "1-0"]
[WhiteElo "2558"]
[BlackElo "2317"]
[Annotator "Ftacnik,L"]
[PlyCount "31"]
[EventDate "1999.05.22"]
[EventType "swiss"]
[EventRounds "9"]
[EventCountry "GER"]
[SourceTitle "CBM 072"]
[Source "ChessBase"]
[SourceDate "1999.10.01"]
[SourceVersion "1"]
[SourceVersionDate "1999.10.01"]
[SourceQuality "1"]

1. e4 c5 2. Nf3 d6 3. d4 cxd4 4. Nxd4 Nf6 5. Nc3 a6 6. Bc4 e6 7. Bb3 b5 8. Bg5
Be7 9. Qf3 Qc7 10. e5 Bb7 11. exd6 Bxd6 12. Qe3 h6 (12... Bc5 $6 13. O-O-O Nbd7
(13... Nc6 $5 14. Bxf6 gxf6 15. Ne4 (15. Nd5 Qd8 16. c3 $13) 15... Bxd4 (15...
Be7 $2 16. Nf5 exf5 17. Nxf6+ Kf8 18. Qh6#) (15... Nxd4 $6 16. Nxc5 (16. Nxf6+
Ke7 17. Qg5 Qf4+) 16... Nxb3+ 17. axb3 Bxg2 18. Rhg1 $40) 16. Rxd4 Nxd4 17.
Nxf6+ Ke7 18. Qxd4 $44) 14. Bxe6 $1 O-O (14... fxe6 $2 15. Qxe6+ Kf8 16. Qxf6+
gxf6 17. Ne6+ Ke7 18. Nxc7 fxg5 19. Rhe1+ Kd8 20. Ne6+ Kc8 21. Rxd7 Kxd7 22.
Nxc5+ Kc6 23. Nxb7 Kxb7 24. Re7+ Kc6 25. Re6+ Kd7 26. Rh6 $16) 15. Bb3 Rae8 16.
Qh3 b4 17. Na4 Bd6 18. Kb1 Ne4 19. Be3 (19. Bh4 $5) 19... Ndf6 {0-1 Mueller,
K-Wahls,M/Gladenbach/1997/ (53)}) (12... O-O $2 13. O-O-O (13. Bxf6 $2 gxf6)
13... h6 (13... Nbd7 $2 14. Nxe6 fxe6 15. Qxe6+ $18) (13... Ng4 14. Qd2 b4 15.
Nxe6 bxc3 16. Qxd6 $18) 14. Ndxb5 $1 axb5 15. Nxb5 Qc6 16. Bxf6 Qxb5 17. Rxd6
gxf6 18. Rb6 $1 Qd7 19. Rxe6 $18) (12... Nc6 $2 13. Nf5) (12... Nbd7 $5 13.
Nxe6 $1 (13. Bxe6 $6 O-O) (13. O-O-O O-O-O $5 $13 (13... Be5 $11) 14. Ndxb5
axb5 15. Nxb5 Bc5) 13... fxe6 14. Qxe6+ Be7 (14... Kd8 15. Bxf6+ gxf6 16. O-O-O
$16) 15. Qf7+ (15. O-O-O $2 Rf8 16. Rhe1 Nc5) 15... Kd8 16. Qxg7 Qe5+ 17. Be3
Kc7 $13) (12... Be5 13. f4 (13. O-O-O Nbd7 (13... h6 $2 14. Ncxb5) 14. f4 Bxd4
15. Rxd4 O-O 16. Rhd1 Rac8 (16... Bc6) 17. Kb1 Bc6 18. Qe2 Qb7 $13) 13... Bxd4
14. Qxd4 Nbd7 15. O-O-O O-O 16. Rhg1 Bc6 17. g4 Rac8 18. Rd3 a5 19. Rh3 a4 20.
Bxf6 Nxf6 21. g5 Nd7 22. g6 hxg6 23. f5 Nf6 24. Rxg6 Rfd8 25. Qh4 Kf8 26. Bxe6
{1-0 Hummel,P-Parikh,V/Oropesa del Mar/1998/ (44)}) 13. Bxf6 Bf4 $2 {[%mdl
8192] Sicilian defense is extremely flexible, but black must often play very
acurately. This reckless move will be punished in the most brutal way.} (13...
gxf6 14. Nd5 Qa5+ 15. c3 Be5 16. Nf3 Nd7 17. Nxe5 fxe5 18. Nb4 Bxg2 19. Rg1 Bb7
20. Rd1 $13) 14. Nxe6 $1 {[%mdl 128] Typical sacrifice, but white was for a
moment piece up!} fxe6 15. Qxe6+ Kf8 16. Rd1 1-0